Electrical variable speed drives.

Bibliographic Details
Corporate Author: Engineering Equipment Users Association
Format: Book
Language:English
Published: London : published for the Engineering Equipment Users Association by Constable, 1968.
Series:Handbook (Engineering Equipment Users Association) ; no. 29.
Subjects:

MARC

Tag First Indicator Second Indicator Subfields
LEADER 00000cam a2200000 4500
001 in00000093165
005 20150925085306.0
008 690912s1968 enka 00010 eng
010 |a  77407620  
015 |a B68-19798 
035 |a (OCoLC)00032754 
035 |9 AAL1748AM 
037 |c 22/6 
040 |a DLC  |c DLC  |d TXA  |d UtOrBLW 
049 |a TXAM  |c [711731] 
050 0 0 |a TK4058  |b .E5 
082 0 |a 621.313 
110 2 |a Engineering Equipment Users Association. 
245 1 0 |a Electrical variable speed drives. 
264 1 |a London :  |b published for the Engineering Equipment Users Association by Constable,  |c 1968. 
300 |a viii, 23 pages :  |b illustrations ;  |c 26 cm. 
336 |a text  |b txt  |2 rdacontent 
337 |a unmediated  |b n  |2 rdamedia 
338 |a volume  |b nc  |2 rdacarrier 
490 1 |a Engineering Equipment Users Association. E.E.U.A. handbook,  |v no. 29 
650 0 |a Electric driving. 
830 0 |a Handbook (Engineering Equipment Users Association) ;  |v no. 29. 
999 |a MARS 
999 f f |s 58d194b1-e1a4-335e-87d1-6487ae6d398b  |i ba605f70-acd5-3f64-9892-be03daa5027e  |t 0 
952 f f |p ric  |a Texas A&M University  |b Rellis Campus  |c Joint Library Facility  |d Remote Storage  |t 0  |e TK4058 .E5  |h Library of Congress classification  |i unmediated -- volume  |m A14805477089 
998 f f |a TK4058 .E5  |t 0  |l Remote Storage